[Event "SUI-ch Blitz"]
[Site "Biel"]
[Date "2023.07.29"]
[Round "11"]
[White "Jenni, Florian"]
[Black "Angst, Oliver"]
[Result "0-1"]
[WhiteElo "2456"]
[BlackElo "2156"]
[PlyCount "126"]
[EventDate "2023.07.29"]
[EventType "swiss (blitz)"]
[EventRounds "13"]
[EventCountry "SUI"]
[SourceTitle "CBM 215 Extra"]
[Source "ChessBase"]
[SourceDate "2023.09.30"]
[SourceVersion "1"]
[SourceVersionDate "2023.09.30"]
[SourceQuality "1"]

1. e4 c5 2. c3 d5 3. exd5 Qxd5 4. d4 Nf6 5. Nf3 Bg4 6. Be2 e6 7. 0-0 Nc6 8. Be3 cxd4 9. cxd4 Be7 10. Nc3 Qd6 11. h3 Bh5 12. Qb3 0-0 13. Rfd1 Qb4 14. g4 Bg6 15. Rac1 Qxb3 16. axb3 Nb4 17. Rd2 Rac8 18. Ne5 Ne4 19. Nxg6 hxg6 20. Rdd1 Nxc3 21. Rxc3 Nd5 22. Rc4 Nb6 23. Rcc1 Rxc1 24. Rxc1 Rc8 25. Rxc8+ Nxc8 26. Bf3 b6 27. d5 exd5 28. Bxd5 Bf6 29. Bc1 Nd6 30. f4 Nb5 31. Kf2 Nc7 32. Bc6 Ne6 33. Bd5 Nc7 34. Bc4 b5 35. Bd3 a6 36. Ke3 g5 37. Ke4 gxf4 38. Bxf4 Ne6 39. Be3 Bxb2 40. Kd5 Bf6 41. Kc6 Bd4 42. Bd2 Bg1 43. b4 Nd4+ 44. Kb7 Nf3 45. Bc3 Ng5 46. h4 Nf3 47. h5 Nh2 48. Be2 Be3 49. Kxa6 Kh7 50. Kxb5 Kh6 51. Kc6 f6 52. b5 Kg5 53. b6 Bxb6 54. Bd2+ Kh4 55. Be1+ Kg5 56. Bd2+ Kh4 57. h6 gxh6 58. Kxb6 Nxg4 59. Kc5 h5 60. Bf4 f5 61. Kd6 Nf2 62. Ke6 Ne4 63. Bd1 Ng3 0-1

[Event "Bad Ragaz Swiss YM"]
[Site "Bad Ragaz"]
[Date "2021.03.14"]
[Round "9"]
[White "Angst, Oliver"]
[Black "Meier, Lukas"]
[Result "1/2-1/2"]
[WhiteElo "2100"]
[BlackElo "2104"]
[PlyCount "87"]
[EventDate "2021.03.06"]
[EventType "tourn"]
[EventRounds "9"]
[EventCountry "SUI"]
[SourceTitle "CBM 201 Extra"]
[Source "ChessBase"]
[SourceDate "2021.05.31"]
[SourceVersion "1"]
[SourceVersionDate "2021.05.31"]
[SourceQuality "1"]

1. e4 d6 2. d4 Nf6 3. Nc3 e5 4. Nf3 Nbd7 5. Bc4 Be7 6. a4 a5 7. Qe2 exd4 8. Bxf7+ Kf8 9. Nd5 Ne5 10. Nxe5 dxe5 11. Nxe7 Bg4 12. f3 Kxf7 13. fxg4 Kxe7 14. b3 c5 15. 0-0 Qd6 16. Rf5 d3 17. Qxd3 Qxd3 18. cxd3 Ke6 19. Bd2 b6 20. g5 Nd7 21. g6 hxg6 22. Rg5 Nf8 23. Bc3 Rh5 24. Rg3 g5 25. Rf1 g6 26. Rgf3 Nd7 27. Rf7 Rg8 28. Bxe5 Kxe5 29. Rxd7 Rgh8 30. h3 g4 31. Rd5+ Ke6 32. Rxh5 gxh5 33. Rf5 Rd8 34. Rxh5 Rxd3 35. Rh6+ Ke5 36. Rxb6 gxh3 37. gxh3 Rxh3 38. Kg2 Rc3 39. Kf2 Kxe4 40. Ke2 c4 41. b4 axb4 42. Rxb4 Kd4 43. Kd2 Ra3 44. Kc2 1/2-1/2

[Event "Bad Ragaz Swiss YM"]
[Site "Bad Ragaz"]
[Date "2021.03.09"]
[Round "4"]
[White "Angst, Oliver"]
[Black "Giesinger, Elias"]
[Result "1-0"]
[WhiteElo "2100"]
[BlackElo "2052"]
[PlyCount "253"]
[EventDate "2021.03.06"]
[EventType "tourn"]
[EventRounds "9"]
[EventCountry "SUI"]
[SourceTitle "CBM 201 Extra"]
[Source "ChessBase"]
[SourceDate "2021.05.31"]
[SourceVersion "1"]
[SourceVersionDate "2021.05.31"]
[SourceQuality "1"]

1. e4 c5 2. Nf3 Nc6 3. d4 cxd4 4. Nxd4 e6 5. Nb5 d6 6. c4 Nf6 7. N1c3 a6 8. Na3 b6 9. Be3 Nb8 10. Be2 Bb7 11. f3 Be7 12. 0-0 0-0 13. Rc1 Nbd7 14. Qd2 Qc7 15. Rfd1 Rac8 16. Bf1 Qb8 17. Nc2 Rfe8 18. Kh1 Ba8 19. Bg1 Ne5 20. b3 Bf8 21. Nd4 Ng6 22. Na4 Nd7 23. Nb2 Red8 24. b4 Bb7 25. Nb3 Nge5 26. a3 h6 27. Bd4 Be7 28. Qf2 Bc6 29. Be3 Re8 30. Nd4 Ba8 31. Na4 Bd8 32. Nb3 Bc6 33. Nb2 Ba8 34. Qg3 Kh8 35. Nd4 Bf6 36. Qf2 Ng6 37. Qd2 Kg8 38. Ne2 Be7 39. Nf4 Nge5 40. Nfd3 Ng6 41. Nf2 Bc6 42. Nbd3 Qa8 43. Nf4 Nge5 44. N2d3 Ba4 45. Nxe5 dxe5 46. Nh5 Red8 47. Re1 g6 48. Ng3 h5 49. Qb2 Qb8 50. Ne2 Bc6 51. Red1 Qc7 52. Nc3 Nb8 53. Rxd8+ Rxd8 54. Nd5 exd5 55. cxd5 Qb7 56. dxc6 Nxc6 57. b5 axb5 58. Qxb5 Nd4 59. Qxe5 Ne6 60. a4 Bc5 61. Bxc5 Nxc5 62. a5 Nd3 63. Bxd3 Rxd3 64. Qb5 Qc7 65. Rg1 Rd6 66. a6 Rd8 67. h3 Qc5 68. Qxc5 bxc5 69. a7 Ra8 70. Ra1 c4 71. Kh2 c3 72. Kg3 Kg7 73. f4 c2 74. Rc1 Rxa7 75. Rxc2 Ra3+ 76. Kh4 Ra4 77. Re2 f5 78. e5 Rxf4+ 79. Kg5 Rb4 80. e6 Re4 81. Ra2 Rxe6 82. Ra7+ Kf8 83. h4 Re2 84. Kf6 Kg8 85. Rg7+ Kh8 86. Rxg6 f4 87. Kf5 Kh7 88. Rg5 Kh6 89. Kxf4 Ra2 90. Kg3 Ra3+ 91. Kh2 Ra4 92. Kh3 Ra3+ 93. Rg3 Ra4 94. Rb3 Ra6 95. Kg3 Rg6+ 96. Kf3 Rg8 97. Rb6+ Kh7 98. g3 Rg4 99. Re6 Rg8 100. Re5 Kh6 101. Rf5 Rg4 102. Rf8 Kh7 103. Ra8 Kh6 104. Rh8+ Kg7 105. Rxh5 Ra4 106. Rf5 Ra3+ 107. Kg4 Kg6 108. h5+ Kh6 109. Rf6+ Kg7 110. Rb6 Ra5 111. Kh4 Rc5 112. g4 Rc4 113. h6+ Kh7 114. Kh5 Rc5+ 115. g5 Ra5 116. Rb7+ Kg8 117. Re7 Rb5 118. Kg6 Rb6+ 119. Kf5 Rb5+ 120. Re5 Rb6 121. g6 Rb8 122. Kg5 Ra8 123. Rf5 Ra7 124. h7+ Kg7 125. Rf7+ Rxf7 126. gxf7 Kxh7 127. f8R 1-0

[Event "SUI-ch HT1 118th"]
[Site "Lenzerheide"]
[Date "2018.07.17"]
[Round "6"]
[White "Giesinger, Elias"]
[Black "Angst, Oliver"]
[Result "1/2-1/2"]
[WhiteElo "2128"]
[BlackElo "2053"]
[PlyCount "31"]
[EventDate "2018.07.12"]
[EventType "swiss"]
[EventRounds "9"]
[EventCountry "SUI"]
[SourceTitle "EXT 2019"]
[Source "ChessBase"]
[SourceDate "2018.10.10"]
[SourceVersion "1"]
[SourceVersionDate "2018.10.10"]
[SourceQuality "1"]

1. d4 d5 2. Bf4 Nf6 3. Nc3 c6 4. e3 Bf5 5. f3 h5 6. Bd3 Bxd3 7. Qxd3 e6 8. Nge2 Nbd7 9. 0-0 Be7 10. a4 Nf8 11. e4 Ng6 12. Bg5 h4 13. Nd1 Nh5 14. Bxe7 Qxe7 15. Qe3 0-0 16. Nf2 1/2-1/2

[Event "Zuerich op-B 41st"]
[Site "Zuerich"]
[Date "2017.12.27"]
[Round "3"]
[White "Angst, Oliver"]
[Black "Bernet, David"]
[Result "1-0"]
[WhiteElo "2010"]
[BlackElo "1751"]
[PlyCount "63"]
[EventDate "2017.12.26"]
[EventType "swiss"]
[EventRounds "7"]
[EventCountry "SUI"]
[SourceTitle "CBM 182 Extra"]
[Source "ChessBase"]
[SourceDate "2018.02.23"]
[SourceVersion "1"]
[SourceVersionDate "2018.02.23"]
[SourceQuality "1"]

1. e4 e6 2. d3 c5 3. Nd2 Nc6 4. g3 b6 5. Bg2 Bb7 6. f4 Qc7 7. Ngf3 d6 8. 0-0 Nf6 9. h3 Be7 10. g4 0-0-0 11. a4 d5 12. e5 Nd7 13. d4 f6 14. Nb3 fxe5 15. fxe5 Rdf8 16. Bg5 h6 17. Bxe7 Nxe7 18. a5 c4 19. axb6 axb6 20. Nc1 Nc6 21. Ne2 g5 22. Nc3 Ndxe5 23. Nxe5 Nxe5 24. dxe5 Qc5+ 25. Kh1 Rxf1+ 26. Qxf1 Rf8 27. Qg1 d4 28. Bxb7+ Kxb7 29. Qg2+ Qc6 30. Ra7+ Kxa7 31. Qxc6 dxc3 32. bxc3 1-0